Green pioneers (Record no. 81389)

MARC details
000 -LEADER
fixed length control field 00870cab a22001935a 4500
001 - CONTROL NUMBER
control field L147114
008 - FIXED-LENGTH DATA ELEMENTS--GENERAL INFORMATION
fixed length control field 090402e20090312xxkdo f s 000 0 eng d
035 ## - SYSTEM CONTROL NUMBER
System control number (Sirsi) u147114
041 0# - LANGUAGE CODE
Language code of text/sound track or separate title eng
100 1# - MAIN ENTRY--PERSONAL NAME
Personal name Hansford, Mark
245 00 - TITLE STATEMENT
Title Green pioneers
260 ## - PUBLICATION, DISTRIBUTION, ETC.
Date of publication, distribution, etc. 2009
490 #0 - SERIES STATEMENT
Series statement New Civil Engineer
Volume/sequential designation 12 March 2009, 34-35(2)
520 ## - SUMMARY, ETC.
Summary, etc. Reviews the development of green energy technology in Yorkshire and Humberside. Regional development agency Yorkshire Forward is driving the progress in this area; the most recent project is seeing Powerfuel Power's Hatfield site shortlisted as a potential candidate for a proposed carbon capture and storage demonstration project funded with European Union money. Tables.
590 ## - LOCAL NOTE (RLIN)
Local note KA
651 #4 - SUBJECT ADDED ENTRY--GEOGRAPHIC NAME
Geographic name Yorkshire
Chronological subdivision 1888-
690 ## - LOCAL SUBJECT ADDED ENTRY--TOPICAL TERM (OCLC, RLIN)
Topical term or geographic name as entry element ENVIRONMENT AND LAND CONSULTANCY-SUSTAINABILITY-SUSTAINABLE DEVELOPMENT
942 ## - ADDED ENTRY ELEMENTS (KOHA)
Suppress in OPAC 0
Holdings
Withdrawn status Lost status Source of classification or shelving scheme Damaged status Not for loan Home library Current library Shelving location Date acquired Total Checkouts Full call number Barcode Date last seen Copy number Price effective from Koha item type
    Dewey Decimal Classification     London London Journal article 02/04/2009   L147114 147114-1001 06/08/2019 1 06/08/2019 Journal article